000
00308nam a2200109Ia 4500
008
230822s1989 xx 000 0 und d
041
_a
eng
100
_a
MAURICE E. MARTHA MULLER FOUNDATION
245
_a
ZENTRUM PAUL KLEE, BERN, THE ARCHITECTURE.
260
_b
HARCOURT PRIVATE LIMITED
_c
1989
300
_a
780
999
_c
859977
_d
859977